Lesníctvo - živá súčasť slovenského vidieka

Bibliographic Details
Main Author: Michalík, Igor, 1942- (Author)
Format: Article
Language:Slovak
ISSN:1336-0612
Subjects:

MARC

LEADER 00000nab a2200000 ar4500
001 vtls008640995
003 SK-MaSNL
005 20260426090709.0
008 250526c2005 xo |||||||||||000 b|slo
015 |a SNBRB2006/03  |2 snkbucl 
035 |a (uuid)9c000e58-7e4f-4d0d-9553-887e29c2f099 
035 |a urn:nbn:sk:snk-ab28sp 
035 |a (urnnbn)urn:nbn:sk:snk:ar-a01yp4 
038 |a SNKBUCL 
040 |a SNKBUCL  |b slo  |c SNKBUCL  |e AACR2 
041 0 |a slo 
044 |a xo  |c SK 
080 |a 630*94  |x (437.6)  |x (4)  |2 1997 
080 |a 332.1  |x (437.6)  |x (4)  |2 1997 
080 |a 630  |x (437.6)  |x (4)  |2 1997 
080 |a 339.96(4)  |2 1997 
100 1 |a Michalík, Igor,  |d 1942-  |4 aut  |9 217111 
245 1 0 |a Lesníctvo - živá súčasť slovenského vidieka  |c Igor Michalík 
500 |a (dokončenie v budúcom čísle) 
610 2 7 |a Európska únia  |2 snkbucl  |9 29861 
650 0 7 |a lesné hospodárstvo  |2 snkbucl  |9 1256 
650 0 7 |a vidiek  |2 snkbucl  |9 3814 
650 0 7 |a finančná podpora  |2 snkbucl  |9 28968 
650 0 7 |a lesníctvo  |2 snkbucl  |9 1255 
651 7 |a Slovensko  |2 snkbucl  |9 14231 
773 0 |t Slovenské lesokruhy  |g Roč. IV, č. 6 (2005), s. 47-48  |x 1336-0612 
850 |a Slovenská národná knižnica 
852 |a Slovenská národná knižnica 
954 |a odborná, vedecká literatúra pôvodná (slovenská)  |2 lita 
958 |a ONDV 
958 |a article27 
958 |a SK 
999 |c 3000375  |d 3002305